|
|
|
|
| LEADER |
00000nam0a2200000 4500 |
| 001 |
70551 |
| 005 |
20231101212525.0 |
| 035 |
|
|
|a (RuTPU)RU\TPU\book\75113
|
| 090 |
|
|
|a 70551
|
| 100 |
|
|
|a 20041124d1968 km y0rusy50 ca
|
| 101 |
0 |
|
|a rus
|
| 102 |
|
|
|a RU
|
| 105 |
|
|
|a a j 000zy
|
| 200 |
1 |
|
|a Механические и тепловые свойства щелочно-галоидных монокристаллов
|f А. А. Воробьев
|
| 210 |
|
|
|a Москва
|c Высшая школа
|d 1968
|
| 215 |
|
|
|a 271 с.
|c ил.
|
| 316 |
|
|
|5 63413507: ШкА2/392
|a На форзаце дарственная надпись: "Научно-технической библиотеке Томского Политехнического Института. А. Воробьев. Томск. 21.1.69"
|
| 320 |
|
|
|a Библиография в конце глав.
|
| 330 |
|
|
|a В книге излагается физическая сущность теорий различных механических и тепловых свойств щелочно-галоидных кристаллов, в частности, и ионных вообще; приводятся результаты теоретического рассмотрения законов изменения свойств при изменении состава соединений, концентрации дефектов решетки и условий внешнего воздействия на тела. Во всех случаях, когда это возможно, выводы теории сопоставляются с данными экспериментальных исследований. В изложении рассматриваемых вопросов имеется общий подход с позиции динамической теории кристаллической решетки, согласно выводам которой все нормальные свойства твердых кристаллов связаны с изменением свободной энергии системы, как показал составитель книги, и с энергией кристаллической решетки. Книга может служить учебным пособием при изучении разделов курса физики твердого тела, физики горных пород, строительных материалов и др.
|
| 606 |
1 |
|
|a Монокристаллы
|x Физика
|2 stltpush
|3 (RuTPU)RU\TPU\subj\80328
|9 88053
|
| 610 |
1 |
|
|a щелочно-галоидные кристаллы
|
| 610 |
1 |
|
|a механические свойства
|
| 610 |
1 |
|
|a тепловые свойства
|
| 610 |
1 |
|
|a теплоемкость
|
| 610 |
1 |
|
|a теплопроводность
|
| 610 |
1 |
|
|a плавление
|
| 610 |
1 |
|
|a испарение
|
| 610 |
1 |
|
|a учебные пособия
|
| 610 |
1 |
|
|a труды учёных ТПУ
|
| 610 |
1 |
|
|a дарственная надпись
|
| 610 |
1 |
|
|a дары библиотеке
|
| 610 |
1 |
|
|a коллекция ТПУ
|
| 675 |
|
|
|a 548.55
|v 3
|
| 700 |
|
1 |
|a Воробьев
|b А. А.
|c российский физик
|c ректор Томского политехнического института, профессор
|f 1909-1981
|g Александр Акимович
|2 stltpush
|3 (RuTPU)RU\TPU\pers\12805
|4 070
|
| 801 |
|
1 |
|a RU
|b 63413507
|c 20041124
|g PSBO
|
| 801 |
|
2 |
|a RU
|b 63413507
|c 20221027
|g PSBO
|
| 942 |
|
|
|c BK
|